| 000 | 00921nam a2200277 a 4500 | ||
|---|---|---|---|
| 001 | 25585 | ||
| 003 | CO-ViMGA | ||
| 008 | 141112s2004 ck r 000 u spa d | ||
| 020 | _a9789587583175 | ||
| 040 |
_aCO-ViMGA _bspa _cCO-ViMGA |
||
| 041 | _aSPA | ||
| 090 | _aN MAN6 | ||
| 100 | 1 |
_aManrique Ardila, Jaime, 1949 - _939140 |
|
| 245 | 1 | 0 |
_aEl callejón de Cervantes / _cJaime Manrique ; traducción Juan Fernando Merino |
| 250 | _a1a ed. | ||
| 260 |
_aBogotá : _bAlfaguara, _c2011 |
||
| 300 | _a350 p. | ||
| 500 | _aTitulo original El callejón de Cervantes | ||
| 650 | 1 | 4 |
_aAUTORES COLOMBIANOS - SIGLO XX _92054 |
| 650 | 1 | 4 |
_aCERVANTES SAAVEDRA, MIGUEL DE, 1547 - 1616 - NOVELA _939141 |
| 650 | 1 | 4 |
_aLITERATURA COLOMBIANA - SIGLO XX _92057 |
| 650 | 1 | 4 |
_aLITERATURA ESPAÑOLA - 1500 - 1700 - NOVELA _939142 |
| 650 | 1 | 4 |
_aNOVELA COLOMBIANA _91193 |
| 700 | 1 |
_aMerino, Juan Fernando _92728 |
|
| 942 |
_2ddc _cBK |
||
| 999 |
_c5159 _d5159 |
||